The companies act, 2016 (Act 18 of 2013) with rules and forms / (Record no. 101699)

MARC details
000 -LEADER
fixed length control field 00569nam a22001817a 4500
005 - DATE AND TIME OF LATEST TRANSACTION
control field 20181204145124.0
010 ## - LCCN (DPL NO)
LC control number ENG-115608
020 ## - INTERNATIONAL STANDARD BOOK NUMBER
International Standard Book Number 9789351439684
Terms of availability 1350.00
035 ## - SYSTEM CONTROL NUMBER
System control number EN-99140
037 ## - SOURCE OF ACQUISITION
Source of stock number/acquisition DBAD/PUB
082 ## - DEWEY DECIMAL CLASSIFICATION NUMBER
Classification number 346.54066
245 ## - TITLE STATEMENT
Title The companies act, 2016 (Act 18 of 2013) with rules and forms /
250 ## - EDITION STATEMENT
Edition statement 4th ed
260 ## - PUBLICATION, DISTRIBUTION, ETC. (IMPRINT)
Place of publication, distribution, etc Gurgaon
Name of publisher, distributor, etc Lexis Nexis
Date of publication, distribution, etc 2016
270 ## - ADDRESS
Address 14th Floor, Building No.10, Tower-B, DLF Cyber City, Phase-II
City Gurgaon
Postal code 122002
300 ## - PHYSICAL DESCRIPTION
Extent xv,1984p.
Dimensions 24cm(pbk)
942 ## - ADDED ENTRY ELEMENTS (KOHA)
Source of classification or shelving scheme Dewey Decimal Classification
Item type English Books
Call number suffix LEX
Classification part 346.54066
Holdings
Withdrawn status Lost status Not for loan Collection code Home library Current library Date acquired Source of acquisition Cost, normal purchase price Full call number Barcode Copy number Cost, replacement price Koha item type
    Not For Loan Non-fiction D.B.Act.Division Bawana 03/08/2016 2016-08-02 1350.00 346.54066 LEX EN-99140 1 1350.00 English Books

© Delhi Public Library
Hit Counter
free hit counter